近畿の駅百選 - Statistics

General Stats
  • This quiz has been taken 136 times
  • The average score is 32 of 100
Answer Stats
Answer % Correct
大阪
98%
京都
92%
神戸
79%
天王寺
79%
新大阪
78%
三ノ宮
77%
梅田
75%
奈良
75%
姫路
75%
難波
64%
関西空港
63%
尼崎
63%
京橋
62%
宝塚
60%
梅田
54%
山科
52%
和歌山市
51%
生駒
50%
嵐山
48%
47%
宇治
46%
城崎
44%
ユニバーサルシティ
43%
上本町
42%
二条
42%
天橋立
41%
橿原神宮前
41%
千里中央
41%
十三
41%
甲子園
39%
大阪城公園
39%
心斎橋
38%
芦屋
38%
彦根
38%
枚方市
37%
高野山
37%
コスモスクエア
36%
吉野
36%
有馬温泉
35%
長浜
34%
伊丹
33%
東舞鶴
32%
西舞鶴
31%
新開地
31%
鞍馬
30%
播州赤穂
30%
稲荷
29%
舞子
28%
川西能勢口
28%
万博記念公園
27%
大阪阿部野橋
27%
和泉中央
27%
浜大津
27%
須磨浦公園
25%
餘部
24%
武庫川
24%
浜寺公園
23%
国際会館
23%
西神中央
23%
新長田
22%
みさき公園
22%
夙川
22%
林間田園都市
22%
私市
21%
信楽
21%
坂本
19%
萱島
19%
水間
18%
日生中央
18%
学園前
17%
海南
17%
日本へそ公園
17%
甲陽園
16%
ウッディタウン中央
15%
鶴見緑地
15%
八日市
14%
烏丸御池
14%
トロッコ保津峡
13%
住吉公園
12%
人丸前
12%
大和高田
12%
那智
11%
香櫨園
10%
六甲山上
8%
大江
8%
天王寺駅前
7%
網野
6%
北宇智
6%
周参見
6%
アイランドセンター
6%
福神
5%
みなと元町
4%
ケーブル延暦寺
4%
御室
4%
恵比須
4%
諏訪ノ森
4%
鳥居本
4%
摩耶ケーブル
3%
平福
3%
No matching quizzes found
Score Distribution
Percent of People with Each Score
Percentile by Number Answered
Your Score History
You have not taken this quiz